Statistiques concernant Effectif détaillé du Stade Rennais saison 2023-2024

Cliquez ici pour prendre le quiz!

Statistiques générales

  • Ce quiz a été pris 58 fois
  • Le résultat moyen est 22 sur 28

Statistiques - réponses

NationalitéAncien clubPosteNuméroRéponse% Correct
FranceOlympique de
Marseille
Gardien30Steve Mandanda
98%
FranceOGC NiceAttaquant19Amine Gouiri
94%
FranceRC LensMilieu14Benjamin Bourigeaud
94%
FranceFC LorientMilieu28Enzo Le Fée
94%
FranceParis Saint-GermainAttaquant9Arnaud Kalimuendo
92%
FranceSC FribourgMilieu8Baptiste Santamaria
92%
FranceBeijing GuoanCoachBruno Génésio
92%
BelgiqueRSC AnderlechtAttaquant10Jérémy Doku
92%
FranceFC NantesMilieu11Ludovic Blas
92%
FranceOlympique LyonnaisAttaquant7Martin Terrier
92%
BelgiqueKV OstendeDéfenseur5Arthur Theate
90%
NorvègeNîmes OlympiqueDéfenseur25Birger Meling
90%
CroatieDinamo ZagrebMilieu21Lovro Majer
90%
CamerounRC LensDéfenseur15Christopher Wooh
86%
FranceFormé au
Stade Rennais
Défenseur3Adrien Truffert
84%
FranceFormé au
Stade Rennais
Milieu33Désiré Doué
84%
FranceEstac TroyesGardien1Gauthier Gallon
84%
Côte d'IvoireFormé au
Stade Rennais
Défenseur31Guela Doué
84%
MarocKAA La GantoiseAttaquant34Ibrahim Salah
84%
FranceFormé au
Stade Rennais
Défenseur23Warmed Omari
84%
SénégalDijon FCOGardienAlfred Gomis
78%
FranceFormé au
Stade Rennais
Défenseur16Jeanuël Belocian
73%
FranceFormé au
Stade Rennais
Défenseur22Lorenz Assignon
71%
FranceAngers SCOMilieu20Flavien Tait
67%
République
Centrafricaine
CS Sedan ArdennesGardien40Geoffrey Lembet
55%
FranceFormé au
Stade Rennais
AttaquantMathis Lambourde
49%
FranceFormé au
Stade Rennais
Attaquant18Matthis Abline
45%
FranceFormé au
Stade Rennais
AttaquantLoum Tchaouna
14%

Distribution des résultats

Percentile par nombre de réponses

% des personnes avec chaque résultat

Votre développement - résultats

Vous n’avez pas pris ce quiz